Tvorba integrovanej www-stránky na podporu výučby predmetu elektrické obvody II = Design of integrated sebsite module supporting the education in the subject Electric Circuits II

Salvato in:
Dettagli Bibliografici
Autore principale: Zrník, Peter (Autore)
Altri autori: Ušák, Elemír, 1965- (Relatore della tesi)
Natura: Manoscritto Libro
Lingua:slovacco
Pubblicazione: Bratislava : STU v Bratislave FEI, 2005
Soggetti:
Tags: Aggiungi Tag
Nessun Tag, puoi essere il primo ad aggiungerne!!

MARC

LEADER 00000ntm a22000003a 4500
001 stu94220
005 20160719164643.3
008 050602s2005----xo------------------slo-d
040 |a STU  |b slo 
041 0 |a slo 
044 |a xo 
100 1 |a Zrník, Peter  |4 aut 
245 1 |a Tvorba integrovanej www-stránky na podporu výučby predmetu elektrické obvody II = Design of integrated sebsite module supporting the education in the subject Electric Circuits II 
260 |a Bratislava :  |b STU v Bratislave FEI,  |c 2005 
300 |a 50 s 
650 7 |a elektronika  |2 stusub 
700 1 |a Ušák, Elemír,  |d 1965-  |4 ths  |u E040  |U FEI Fakulta elektrotechniky a informatiky  |T FEI Ústav elektrotechniky  |X 1863  |U E040  |Y 550  |7 A000001863